<?xml version="1.0" encoding="UTF-8"?>
<collection xmlns="http://www.loc.gov/MARC21/slim">
 <record>
  <leader>01252nam a2200193   4500</leader>
  <controlfield tag="001">1/27138</controlfield>
  <controlfield tag="008">050712s2004    lu ad    t   n000 0 gre  </controlfield>
  <datafield tag="020" ind1=" " ind2=" ">
   <subfield code="a">928946125Χ</subfield>
  </datafield>
  <datafield tag="035" ind1=" " ind2=" ">
   <subfield code="l">28996</subfield>
  </datafield>
  <datafield tag="040" ind1=" " ind2=" ">
   <subfield code="a">GR-PeUP</subfield>
  </datafield>
  <datafield tag="082" ind1="0" ind2="0">
   <subfield code="a">KET 327.111 ΕΤΗ</subfield>
  </datafield>
  <datafield tag="245" ind1="0" ind2="0">
   <subfield code="a">Ετήσια έκθεση 2003 :</subfield>
   <subfield code="b">για την αναπτυξιακή πολιτική της Ευρωπαϊκής Κοινότητας και την εφαρμογή της εξωτερικής βοήθειας το 2002 /</subfield>
   <subfield code="c">Eυρωπαϊκή Επιτροπή.</subfield>
  </datafield>
  <datafield tag="260" ind1=" " ind2=" ">
   <subfield code="a">Λουξεμβούργο :</subfield>
   <subfield code="b">Υπηρεσία Επισήμων Εκδόσεων των Ευρωπαϊκών Κοινοτήτων,</subfield>
   <subfield code="c">2004.</subfield>
  </datafield>
  <datafield tag="300" ind1=" " ind2=" ">
   <subfield code="a">247 σ. :</subfield>
   <subfield code="b">εικ., πίν. ;</subfield>
   <subfield code="c">30 εκ.</subfield>
  </datafield>
  <datafield tag="610" ind1="2" ind2="4">
   <subfield code="a">Ευρωπαϊκή Ένωση</subfield>
   <subfield code="x">Οικονομική βοήθεια.</subfield>
  </datafield>
  <datafield tag="610" ind1="2" ind2="4">
   <subfield code="a">Ευρωπαϊκή Ένωση</subfield>
   <subfield code="x">Αναπτυξιακός προγραμματισμός.</subfield>
  </datafield>
  <datafield tag="610" ind1="2" ind2="4">
   <subfield code="a">Ευρωπαϊκή Ένωση</subfield>
   <subfield code="x">Εξωτερική βοήθεια.</subfield>
  </datafield>
  <datafield tag="710" ind1="2" ind2=" ">
   <subfield code="a">Ευρωπαϊκή Επιτροπή</subfield>
   <subfield code="b">Γενική Διεύθυνση Διεύρυνσης.</subfield>
  </datafield>
  <datafield tag="852" ind1=" " ind2=" ">
   <subfield code="a">INST</subfield>
   <subfield code="b">UNIPILB</subfield>
   <subfield code="c">KET</subfield>
   <subfield code="e">20050712</subfield>
   <subfield code="h">KET 327.111 ΕΤΗ</subfield>
   <subfield code="p">00145141</subfield>
   <subfield code="q">00145141</subfield>
   <subfield code="t">LOAN</subfield>
   <subfield code="y">0</subfield>
   <subfield code="4">1</subfield>
  </datafield>
 </record>
</collection>
